Complete the Romance movie title p3 - Statistics

General Stats
  • This quiz has been taken 93 times
  • The average score is 10 of 15
Answer Stats
Hint Answer % Correct
Can You Keep a ______? Secret
89%
How to _____ a Guy in 10 Days Lose
88%
Pretty _____ Woman
83%
Bridget _____ Diary Jones’s
80%
He’s all ____ That
80%
The Kissing _____ Booth
79%
50 _____ Dates First
77%
Fifty ______ Freed Shades
77%
This ____ Next Year Time
75%
After __ Collided We
74%
Endless ____ Love
63%
The Lucky ___ One
42%
One ___ Day
40%
All The ______ Places Bright
33%
Midnight ___ Sun
27%
No matching quizzes found
Score Distribution
Percent of People with Each Score
Percentile by Number Answered
Your Score History
You have not taken this quiz